000 00465nam a2200193Ia 4500
005 20240823055940.0
008 240823s9999||||xx |||||||||||||| ||und||
041 _aENGLISH
082 _A540 Q7
100 _aAnitha Bright G
245 0 _aEngineering Chemistry - II
250 _a8th
260 _c2017
_bHill Lamp Public
500 _aYES
650 _aEngineering Chemistry
_bChemistry
700 _aJaslin J Christopher
942 _cBK
999 _c229984
_d229984